01149 2200277 4500001002100000005001500021035002000036007000300056008004100059020001800100020001800118082001200136084001800148100002700166245012900193300002500322700003100347520032800378600000800706600002300714264004400737336002100781337003000802338002300832990001600855INLIS00000000000180120260623114357 a0010-0626000498ta260623 e 0 ind  a9786230004384 a9786230004391 a306.874 a306.874 DEW b0 aDewi PandjiePengarang1 aBunda jangan baper :bBenarkah kasih ibu sepanjang masa, kasih anak sepanjang jalan? /cDewi Pandji ; editor, Mohamad Ridwan a206 halaman ;c21 cm0 aMohamad RidwanePenyunting aBiarkan “baper” menjadi emosi sesaat dan tidak berubah menjadi derai air mata atau kegalauan yang mendera karena dekapan anak yang tak kunjung tiba. Hiasi saja hari-hari Anda dengan doa dan anak akan berlari memeluk erat dalam pelukan serta membisikkan kata lembut, “Bunda, jangan baper. Kami semua ada di dekatmu.” 4aIbu 4aOrang tua dan anak aJakarta :bElex Media Komputindo,c2019 2rdacontentateks 2rdamediaatanpa perantara 2rdacarrieravolume aSP003531/19